Statistics for Every Lil Yachty Song on the Billboard Hot 100

Click here to take the quiz!

General Stats

  • This quiz has been taken 120 times
    (54 since last reset)
  • The average score is 5 of 15

Answer Stats

#YearSong% Correct
52016Broccoli (D.R.A.M.)
78%
4920161 Night
76%
42017iSpy (KYLE)
67%
912018Yacht Club ft. Juice WRLD
60%
632018NBAYoungboat ft. YoungBoy Never Broke Again
51%
982018Get Dripped ft. Playboi Carti
40%
552020Oprah's Bank Account (Drake & Dababy)
33%
73201866 ft. Trippie Redd
29%
832020T.D (Tierra Whack) ft. A$AP Rocky & Tyler, The Creator
24%
882018Boom! ft. Ugly God
18%
782017Peek A Boo ft. Migos
13%
942017Faking It (Calvin Harris) ft. Jhene Aiko
11%
672021Hit Bout It ft. Kodak Black
11%
742018Ice Tray (Quavo)
11%
792018Gucci Flip Flops (Bhad Bhabie)
9%

Score Distribution

Percentile by Number Answered

Percent of People with Each Score

Your Score History

You have not taken this quiz since the last reset